Construyendo tu organización en 16 pasos : (Record no. 214191)

MARC details
000 -CABECERA
campo de control de longitud fija 00629cam a22001937a 4500
005 - FECHA Y HORA DE LA ÚLTIMA TRANSACCIÓN
campo de control 20260429155705.0
008 - DATOS DE LONGITUD FIJA--INFORMACIÓN GENERAL
campo de control de longitud fija 250926s2007 mx| ||||r|||| 000 0 spa d
040 ## - FUENTE DE CATALOGACIÓN
Agencia de catalogación original MX-MxUPN
Agencia que realiza la transcripción spa
041 0# -
-- spa
050 #4 -
-- HD62.6
-- C66 2007
245 00 - MENCIÓN DE TÍTULO
Título Construyendo tu organización en 16 pasos :
Parte restante del título manual del facilitador
260 ## - PUBLICACION, DISTRIBUCION, ETC. (PIE DE IMPRENTA)
Lugar de publicación, distribución, etc. México, D.F. :
Nombre del editor, distribuidor, etc. Instituto de la juventud,
Fecha de publicación, distribución, etc. 2007
300 ## - DESCRIPCIÓN FÍSICA
Extensión 67 páginas
Material acompañante
650 #4 -
-- Organizaciones no lucrativas
-- Planificación
-- 59450
902 ## - ELEMENTOS DE DATOS B LOCAL, LDB (RLIN)
Creó MarisolLicea/25092025
Modificó VíctorGodínez/290426
942 ## - ELEMENTOS DE PUNTO DE ACCESO ADICIONAL (KOHA)
Fuente del sistema de clasificación o colocación Library of Congress Classification
Tipo de ítem Koha Libro
Holdings
Estado de retiro Estado de pérdida Fuente del sistema de clasificación o colocación Estado dañado No para préstamo Código de colección Localización permanente Ubicación/localización actual Ubicación en estantería Fecha de adquisición Total de préstamos Signatura topográfica completa Código de barras Fecha visto por última vez Tipo de ítem Koha
    Library of Congress Classification     Colección General Bib. Gregorio Torres Quintero Bib. Gregorio Torres Quintero Planta baja 26/09/2025   HD62.6 C66 2007 340714 26/09/2025 Libro